Kriptovaluták befektetési stratégiái a magyar befektetők körében
| Main Author: | |
|---|---|
| Other Authors: | |
| Format: | Thesis |
| Kulcsszavak: | adózás befektetés befektetéselemzés pénzügy pénzügyi befektetés |
| Online Access: | http://dolgozattar.uni-bge.hu/60072 |
MARC
| LEADER | 00000nta a2200000 i 4500 | ||
|---|---|---|---|
| 001 | dolg60072 | ||
| 005 | 20260409145941.0 | ||
| 008 | 260409suuuu hu om 000 hun d | ||
| 040 | |a BGE Dolgozattár Repozitórium |b hun | ||
| 041 | |a hu | ||
| 100 | 1 | |a Nagy Máté | |
| 245 | 1 | 0 | |a Kriptovaluták befektetési stratégiái a magyar befektetők körében |c Nagy Máté |h [elektronikus dokumentum] |
| 520 | 3 | |a A diplomadolgozatomban a magyar kriptovaluta befektetők piaci viselkedését vizsgálom kvalitatív félig strukturált interjúk keretében. Emellett bemutatom a legnépszerűbb befektetési stratégiákat, amelyeket a kriptopiacon alkalmaznak a befektetők. A dolgozatomban kitérek a fontosabb technikai elemzési eszközökre, a magyarországi kriptovaluta adózásra és a kockázatkezelésre a kriptovaluta befektetések során. A dolgozatom elolvasása után remélem hogy az olvasó mélyebb betekintést nyer a magyar kriptovaluta befektetők stratégiáiról, és a kriptovaluta befektetési lehetőségeiről. | |
| 695 | |a adózás | ||
| 695 | |a befektetés | ||
| 695 | |a befektetéselemzés | ||
| 695 | |a pénzügy | ||
| 695 | |a pénzügyi befektetés | ||
| 700 | 1 | |a Földi Dr. Péter |e ths | |
| 700 | 1 | |a Hegedűs Dr. Szilárd |e ths | |
| 856 | 4 | 0 | |u http://dolgozattar.uni-bge.hu/60072/1/Nagy%20Ma%CC%81te%CC%81%20Szakdolgozat-%20ke%CC%81sz%20.pdf |z Dokumentum-elérés |
| 856 | 4 | 0 | |u http://dolgozattar.uni-bge.hu/60072/2/BA%20KM%20Nagy%20M%C3%A1t%C3%A9.pdf |z Dokumentum-elérés |
| 856 | 4 | 0 | |u http://dolgozattar.uni-bge.hu/60072/3/Nagy%20M%C3%A1t%C3%A9.pdf |z Dokumentum-elérés |